STN EN ISO/IEC 17021: 2007 a nové požiadavky na certifikačné orgány
Všeobecné požiadavky na akreditačné orgány akreditujúce orgány posudzovania zhody - STN EN ISO/IEC 17011: 2005. Zmeny vyplývajúce pre certifikačné orgány, ktoré certifikujú systémy manažérstva. Norma STN EN ISO/IEC 17021 a zmeny oproti STN EN 45012.
Gespeichert in:
| 1. Verfasser: | |
|---|---|
| Weitere Verfasser: | |
| Format: | Buchkapitel |
| Sprache: | Slowakisch |
| Schlagworte: | |
| Tags: |
Keine Tags, Fügen Sie das erste Tag hinzu!
|
MARC
| LEADER | 00000naa$a2200000$$$4500 | ||
|---|---|---|---|
| 001 | 0060043 | ||
| 005 | 20230511072749.6 | ||
| 041 | 0 | |a slo | |
| 044 | |a SK | ||
| 245 | 1 | 0 | |a STN EN ISO/IEC 17021: 2007 a nové požiadavky na certifikačné orgány |c Martin Miklánek, Peter Lakatoš |
| 520 | |a Všeobecné požiadavky na akreditačné orgány akreditujúce orgány posudzovania zhody - STN EN ISO/IEC 17011: 2005. Zmeny vyplývajúce pre certifikačné orgány, ktoré certifikujú systémy manažérstva. Norma STN EN ISO/IEC 17021 a zmeny oproti STN EN 45012. | ||
| 610 | 2 | 0 | |a normalizácia |
| 610 | 2 | 0 | |a normy medzinárodné |
| 610 | 2 | 0 | |a normy technické |
| 610 | 2 | 0 | |a certifikácia |
| 610 | 2 | 0 | |a akreditácia |
| 610 | 2 | 0 | |a systémy riadenia |
| 100 | 1 | |a Miklánek, Martin | |
| 700 | 1 | |a Lakatoš, Peter | |